00580nam a2200181Ia 450000500170000000800410001702000260005804000190008404100120010308200170011510000200013224501380015226000340029030000140032465000210033870000290035985000100038820230323133326.0140110s9999 xx 000 0 und d a9788170460268cRs 325 aLoreto College aEnglish a891.442bDEV aDevi, Mahasweta aFive playsbMother of 1084; Aajir; Bayen; Urvashi and Johnny; WatercMahasweta Devi. Translated and introduced by Samik Bandyopadhyay aCalcuttabSeagull Booksc2008 axxi,198p  aDrama in Bengali aBandyopadhyay, Samik, tr aLCLIB